00779 2200313 4500001002100000005001500021035002000036007000300056008004100059020001800100082001200118084001800130100002000148245005700168260004500225300002300270650002700293520002900320990001300349990001300362990001100375990001300386990001100399990001100410990001100421990001100432990001100443990001100454INLIS00000000000210120180723101549 a0010-0718000053ta180723 g 0 ind  a9786020318332 a371.396 a371.396 YAT k0 aYATI, Nurhayati1 aKuliah Jurusan Apa? Fakultas Hukum /cYati Nurhayati aJakarta :bGramedia Pustaka Utama,c2015 a138 hlm. ;c20 cm. aKULIAH DAN PERKULIAHAN abibliografi: hlm.137-138 a*16615a* a*16615b* a16615a a*16615b* a16615b a16615a a16615a a16615b a16615b a16615a